التذكرة في قبول المعذرة و فيما جاء في العفو عند المقدرة = (رقم التسجيلة. 34318)
[ عرض عادي ]
| 000 -الفاتح | |
|---|---|
| حقل البيانات ثابتة الطول | 01093nam a22002177a 4500 |
| 003 - محدد رقم الضبط | |
| رقم الضبط | OSt |
| 005 - وقت وتاريخ اخر تعامل مع التسجيلة | |
| رقم الضبط | 20150408114212.0 |
| 008 - عناصر البيانات ثابتة الطول - معلومات عامة | |
| حقل البيانات ثابتة الطول | 140413s 2008mr ||||g b 00| 0 ara d |
| 040 ## - مصدر الفهرسة | |
| وكالة الفهرسة الأصلية | ma-un |
| 082 ## - رقم تصنيف ديوى العشرى | |
| رقم الطبعة | 21 |
| رقم التصنيف | 212.2 |
| رقم المادة | ت م ت |
| 100 ## - المدخل الرئيسى - إسم شخصى | |
| الإسم الشخصى | التلمساني ، محمد بن عبد الرحيم بن محمد ، ت 654 هـ., |
| 9 (RLIN) | 43817 |
| 245 ## - بيان العنوان | |
| العنوان | التذكرة في قبول المعذرة و فيما جاء في العفو عند المقدرة = |
| بقية العنوان | AL - Tadhkira fi qabul al - madhira ... / |
| بيان المسئوليه,etc | محمد بن عبدالرحيم بن محمد بن أبي العيش الأنصاري التلمساني ؛ دراسة وتحقيق عبدالرحمن بن محمد الهيباوي |
| 250 ## - بيان الطبعة | |
| بيان الطبعة | ط. 1. |
| 260 ## - PUBLICATION, DISTRIBUTION, ETC. (IMPRINT) | |
| مكان الناشر او الموزع | الرباط : |
| اسم الناشر او الموزع | الرابطة المحمدية للعلماء، |
| تاريخ النشر أو التوزيع | 2008 |
| 300 ## - الوصف المادى | |
| التعداد | 237 ص. ؛ |
| أبعاد الوعاء | 24 سم. |
| 440 ## - بيان السلسلة/مدخل إضافى-العنوان | |
| العنوان | سلسلة نوادر التراث ؛ |
| رقم المجلد/ التعيين التسلسلي | 2 |
| 9 (RLIN) | 43818 |
| 650 ## - المدخل الاضافى بالموضوع-مصطلح موضوعى | |
| مصطلح موضوعي أو اسم جغرافي كعنصر مدخل | الأخلاق الإسلامية |
| 650 ## - المدخل الاضافى بالموضوع-مصطلح موضوعى | |
| مصطلح موضوعي أو اسم جغرافي كعنصر مدخل | الفضائل الإسلامية |
| 9 (RLIN) | 13041 |
| 700 ## - المدخل الاضافى - اسم شخصى | |
| الإسم الشخصى | هيباوي ، عبد الرحمن محمد |
| الدور | محقق |
| 9 (RLIN) | 43819 |
| 942 ## - عناصر المدخل الإضافي( كوها) | |
| مصدر التصنيف او مخطط الترفيف | Dewey Decimal Classification |
| Koha [default] item type | كتاب |
| حالة الفقد | نموذج السعر الفعال | حالة تلف | ليس للاعارة | رقم الطلب | تاريخ الاكتساب | الموقع الحالي | الباركود | الفرع الرئيسي | Date last seen | نوع المادة فى نظام كوها | مصدر التصنيف او خطة الترفيف | Total Checkouts |
|---|---|---|---|---|---|---|---|---|---|---|---|---|
| 2014-04-13 | 212.2 ت م ت | 2014-04-13 | المكتبة المركزية بالمجمعة (CL) | 00130653 | المكتبة المركزية بالمجمعة (CL) | 2014-04-13 | كتاب | Dewey Decimal Classification | ||||
| 2014-04-13 | 212.2 ت م ت | 2014-04-13 | المكتبة المركزية بالمجمعة (CL) | 00130654 | المكتبة المركزية بالمجمعة (CL) | 2014-04-13 | كتاب | Dewey Decimal Classification | ||||
| 2014-04-13 | 212.2 ت م ت | 2014-04-13 | المكتبة المركزية بالمجمعة (CL) | 00130655 | المكتبة المركزية بالمجمعة (CL) | 2014-04-13 | كتاب | Dewey Decimal Classification | ||||
| 2014-04-14 | 212.2 ت م ت | 2014-04-14 | مكتبة كلية التربية بالزلفى - طالبات (EZF) | 00130767 | مكتبة كلية التربية بالزلفى - طالبات (EZF) | 2014-04-14 | كتاب | Dewey Decimal Classification | ||||
| 2014-04-14 | 212.2 ت م ت | 2014-04-14 | مكتبة كلية التربية بالزلفى - طالبات (EZF) | 00130768 | مكتبة كلية التربية بالزلفى - طالبات (EZF) | 2014-04-14 | كتاب | Dewey Decimal Classification | ||||
| 2014-04-14 | 212.2 ت م ت | 2014-04-14 | مكتبة مجمع الطالبات بالمجمعة (EMF) | 00130769 | مكتبة مجمع الطالبات بالمجمعة (EMF) | 2014-04-14 | كتاب | Dewey Decimal Classification | ||||
| 2014-04-14 | 212.2 ت م ت | 2014-04-14 | مكتبة مجمع الطالبات بالمجمعة (EMF) | 00130770 | مكتبة مجمع الطالبات بالمجمعة (EMF) | 2014-04-14 | كتاب | Dewey Decimal Classification | ||||
| 2014-04-14 | 212.2 ت م ت | 2014-04-14 | مكتبة مجمع الكليات بالزلفى - طلاب (SZM) | 00130771 | مكتبة مجمع الكليات بالزلفى - طلاب (SZM) | 2014-04-14 | كتاب | Dewey Decimal Classification | ||||
| 2014-04-14 | 212.2 ت م ت | 2014-04-14 | مكتبة مجمع الكليات بالزلفى - طلاب (SZM) | 00130772 | مكتبة مجمع الكليات بالزلفى - طلاب (SZM) | 2014-04-14 | كتاب | Dewey Decimal Classification |
